000
00307nam a2200121Ia 4500
008
190216s9999||||xx |||||||||||||| ||und||
100
_a
Vishnu Narayanan Namboothiri
245
0
_a
Ujjayiniyile Rappakalukal
260
_b
University Of Calicut
_c
1996
300
_a
125p
650
_a
Kavithakal
942
_c
BK
999
_c
29883
_d
29883